Educación en una sociedad libre: fundamentos y ejemplario /
| المؤلف الرئيسي: | |
|---|---|
| التنسيق: | كتاب |
| اللغة: | الإسبانية |
| منشور في: |
San José, Costa Rica. :
Editorial Costa Rica,
1976
|
| الموضوعات: |
MARC
| LEADER | 00000nam a2200000Ia 4500 | ||
|---|---|---|---|
| 008 | 170720b1976 cr ||||| |||| 00| | spa d | ||
| 999 | |c 1398 |d 1398 | ||
| 090 | |a 06.01.01 |b 1857 | ||
| 100 | 1 | |a Gamboa, Emma |9 3022 | |
| 245 | 1 | 0 | |a Educación en una sociedad libre: fundamentos y ejemplario / |c Emma Gamboa |
| 260 | |a San José, Costa Rica. : |b Editorial Costa Rica, |c 1976 | ||
| 300 | |a 170 páginas | ||
| 650 | 1 | 4 | |a FILOSOFÍA DE LA EDUCACIÓN |9 21 |
| 650 | 1 | 4 | |a EDUCACIÓN PRIMARIA |9 367 |
| 942 | |i 002713 |h 06.01.01 1857 |2 z |c 01 | ||
